|
|
|
|
| LEADER |
03284nam a2200793 a 4500 |
| 001 |
nkc20102027736 |
| 003 |
CZ PrNK |
| 005 |
20200527153021.0 |
| 007 |
ta |
| 008 |
100105s2009 xr aefhf 001 0dger |
| 015 |
|
|
|a cnb002027736
|
| 020 |
|
|
|a 978-80-86890-23-4
|q (brož.)
|
| 035 |
|
|
|a (OCoLC)614276387
|
| 040 |
|
|
|a OLA001
|b cze
|d BOA001
|d ABA001
|
| 041 |
1 |
|
|a ger
|a cze
|a lat
|h cze
|
| 043 |
|
|
|a e-xr---
|
| 045 |
|
|
|a t-u-
|
| 072 |
|
7 |
|a 7.01/.09
|x Umění
|2 Konspekt
|9 21
|
| 080 |
|
|
|a 72/76(4)
|2 MRF
|
| 080 |
|
|
|a 72/76(437.3)
|2 MRF
|
| 080 |
|
|
|a 7.046.3
|2 MRF
|
| 080 |
|
|
|a 7.034.7
|2 MRF
|
| 080 |
|
|
|a 27-9"15/17"
|2 MRF
|
| 080 |
|
|
|a 929.731
|2 MRF
|
| 080 |
|
|
|a 7.04
|2 MRF
|
| 080 |
|
|
|a (4)
|2 MRF
|
| 080 |
|
|
|a (437.3)
|2 MRF
|
| 080 |
|
|
|a (048.8)
|2 MRF
|
| 100 |
1 |
|
|a Vácha, Štěpán,
|d 1976-
|7 xx0109028
|4 aut
|
| 245 |
1 |
4 |
|a Der Herrscher auf dem Sakralbild zur Zeit der Gegenreformation und des Barock :
|b eine ikonologische Untersuchung zur herrscherlichen Repräsentation Kaiser Ferdinands II. in Böhmen /
|c Štěpán Vácha ; [Übersetzung Anna Ohlidal]
|
| 246 |
3 |
0 |
|a Ikonologische Untersuchung zur herrscherlichen Repräsentation Kaiser Ferdinands II. in Böhmen
|
| 250 |
|
|
|a 1. Aufl.
|
| 260 |
|
|
|a Prag :
|b Artefactum,
|c 2009
|
| 300 |
|
|
|a 327 s., [23] s. barev. obr. příl. :
|b il., plány, faksim. ;
|c 24 cm
|
| 500 |
|
|
|a Přeloženo z češtiny?
|
| 500 |
|
|
|a 300 výt.
|
| 504 |
|
|
|a Obsahuje bibliografii, bibliografické odkazy a rejstřík
|
| 546 |
|
|
|a Část. český a latinský text
|
| 550 |
|
|
|a Vydavatel: Ústav dějin umění AV ČR
|
| 600 |
0 |
7 |
|a Ferdinand
|b II.,
|c římský císař, český a uherský král,
|d 1578-1637
|7 jo20000082511
|2 czenas
|
| 648 |
|
7 |
|a 16.-17. století
|7 ch757028
|2 czenas
|
| 650 |
0 |
7 |
|a evropské výtvarné umění
|7 ph120080
|y 16.-17. století
|2 czenas
|
| 650 |
0 |
7 |
|a české výtvarné umění
|7 ph116865
|y 17. století
|2 czenas
|
| 650 |
0 |
7 |
|a sakrální umění
|7 ph119515
|z Evropa
|y 16.-17. století
|2 czenas
|
| 650 |
0 |
7 |
|a sakrální umění
|7 ph119515
|z Česko
|y 17. století
|2 czenas
|
| 650 |
0 |
7 |
|a barokní umění
|7 ph118765
|z Česko
|2 czenas
|
| 650 |
0 |
7 |
|a protireformace
|7 ph124680
|2 czenas
|
| 650 |
0 |
7 |
|a panovníci
|7 ph117250
|z Evropa
|y 16.-17. století
|2 czenas
|
| 650 |
0 |
7 |
|a panovníci
|7 ph117250
|z Česko
|y 17. století
|2 czenas
|
| 650 |
0 |
7 |
|a umělecké náměty
|7 ph138227
|2 czenas
|
| 650 |
0 |
7 |
|a ikonografie
|7 ph121030
|2 czenas
|
| 650 |
0 |
9 |
|a European art
|y 16th-17th centuries
|2 eczenas
|
| 650 |
0 |
9 |
|a Czech art
|y 17th century
|2 eczenas
|
| 650 |
0 |
9 |
|a sacred art
|z Europe
|y 16th-17th centuries
|2 eczenas
|
| 650 |
0 |
9 |
|a sacred art
|z Czechia
|y 17th century
|2 eczenas
|
| 650 |
0 |
9 |
|a baroque art
|z Czechia
|2 eczenas
|
| 650 |
0 |
9 |
|a counter-reformation
|2 eczenas
|
| 650 |
0 |
9 |
|a kings and rulers
|z Europe
|y 16th-17th centuries
|2 eczenas
|
| 650 |
0 |
9 |
|a kings and rulers
|z Czechia
|y 17th century
|2 eczenas
|
| 650 |
0 |
9 |
|a artistic themes
|2 eczenas
|
| 650 |
0 |
9 |
|a iconography
|2 eczenas
|
| 655 |
|
7 |
|a studie
|7 fd133597
|2 czenas
|
| 655 |
|
9 |
|a studies
|2 eczenas
|
| 710 |
2 |
|
|a Ústav dějin umění (Akademie věd ČR)
|7 kn20010709009
|
| 910 |
2 |
|
|a BOA001
|b 2-1235.588
|
| 990 |
|
|
|a BK
|
| 995 |
|
|
|a 01
|
| 991 |
|
|
|b 201002
|c NOV
|j 7 VÁC
|
| 996 |
6 |
|
|b 2610406075
|c 2-1235.588
|l MZK
|r Sklad / do 1 hodiny
|n 7
|p p.v.
|w 001105024
|u 000010
|a 1
|e BOA001
|j MZK50
|s P
|